Sega Genesis Switch Online Games - Statistics

General Stats
  • This quiz has been taken 26 times
  • The average score is 15 of 44
Answer Stats
Hint Answer % Correct
Konami, 1994, Run n Gun Contra: Hard Corps
94%
Sega, 1992, Platformer Sonic the Hedgehog 2
94%
Capcom, 1994, Platformer Mega Man: The Wily Wars
88%
Sega, 1992, Beat em Up Streets of Rage 2
88%
Konami, 1994,Platformer Castlevania: Bloodlines
75%
Sega, 1991, Adventure/Roguelike ToeJam & Earl
69%
Sega, 1989, Beat em Up Altered Beast
63%
Sega, 1995, RPG Phantasy Star IV: the End of the Millenium
63%
Sega, 1990, Puzzle Columns
56%
Sega, 1995, Beat em Up Comix Zone
56%
Sega, 1989, Hack n Slash Golden Axe
56%
Capcom, 1993, Fighter Street Fighter II: Super Championship Edition
56%
Sega, 1992, Adventure Ecco the Dolphin
50%
Capcom/Sega, 1989, Platformer Ghouls 'n Ghosts
50%
Sega/Treasure, 1993, Run n Gun Gunstar Heroes
44%
Sega/STI, 1992, Platformer Kid Chameleon
44%
Sega, 1993, Puzzle Dr. Robotnik's Mean Bean Machine
38%
Sega, 1992, Hack n Slash Golden Axe II
38%
Sega/Treasure, 1994, Platformer Dynamite Headdy
31%
Playmates, 1994, Platformer/Run n Gun Earthworm Jim
31%
Sega, 1993, Platformer/Hack n Slash Shinobi III: Return of the Ninja Master
31%
Sega/Game Freak, 1995/2009 Pulseman
25%
Sega, 1995, Platformer Ristar
25%
Capcom, 1990, Platformer/Hack n Slash Strider
25%
Sega/Treasure, 1995, Run n Gun Alien Soldier
19%
Sega, 1992, Platformer Alisia Dragoon
19%
Climax/Sega, 1993, Action/Adventure Landstalker: the Treasures of King Nole
19%
Seismic, 1991, Shoot em Up MUSHA
19%
Sega, 1989, Platform/Hack n Slash The Revenge of Shinobi
19%
Sega, 1991,Beat em Up/Shooter Alien Storm
13%
Sega, 1995, Action-adventure Beyond Oasis
13%
Sega/Nextech, 1995, Action/Adventure Crusader of Centy
13%
Sega/Treasure, 1995, Action-Adventure Light Crusader
13%
Sega, 1992, RPG/Strategy Shining Force
13%
Sega,1993, Action/Pinball Sonic the Hedgehog Spinball
13%
Sega, 1991, Platformer Flicky
6%
Sega, 1988, Rail Shooter Space Harrier II
6%
Sega/Technosoft, 1989, Scrolling Shoot em Up Thunder Force II
6%
Sega, 1996, Fighter Virtua Fighter 2
6%
Toaplan/Williams, 1991, Shoot em Up Zero Wing
6%
Sega,1994, RPG/Strategy Shining Force II:
0%
Sega/Sunsoft, 1992, Scrolling Shoot em Up Super Fantasy Zone
0%
Sega, 1990, Action-RPG Sword of Vermilion
0%
Masaya, 1990, Run n Gun Target Earth
0%
No matching quizzes found
Score Distribution
Percent of People with Each Score
Percentile by Number Answered
Your Score History
You have not taken this quiz